Plánovacie aspekty outsourcingu v podniku
Odčleňovanie takých činností z podniku, ktoré neprestavujú jeho základnú podnikateľskú aktivitu sa v súčasnosti stáva významným javom, ktorý ovplyvňuje nielen organizačnú štruktúru firiem, ale aj ich manažment, vrátane plánovania. Vhodne zvolená oblasť odčlenenia sa považuje za konkurenčnú výhodu. P...
Gespeichert in:
| 1. Verfasser: | |
|---|---|
| Format: | Buchkapitel |
| Sprache: | Slowakisch |
| Schlagworte: | |
| Tags: |
Keine Tags, Fügen Sie das erste Tag hinzu!
|
MARC
| LEADER | 00000nla$a2200000$$$4500 | ||
|---|---|---|---|
| 001 | 0066454 | ||
| 005 | 20240502071805.4 | ||
| 041 | 0 | |a slo | |
| 044 | |a SK | ||
| 245 | 1 | 0 | |a Plánovacie aspekty outsourcingu v podniku |c Miroslav Grznár |
| 520 | |a Odčleňovanie takých činností z podniku, ktoré neprestavujú jeho základnú podnikateľskú aktivitu sa v súčasnosti stáva významným javom, ktorý ovplyvňuje nielen organizačnú štruktúru firiem, ale aj ich manažment, vrátane plánovania. Vhodne zvolená oblasť odčlenenia sa považuje za konkurenčnú výhodu. Plánovacie aspekty outsourcingu sa vzťahujú k výberu vhodných aktivít na odčlenenie, projektovanie prínosov a posúdenie rizík a možných negatív ale aj na koordináciu plánov budúcich dodávateľov so strategickými i operatívnymi plánmi podniku. Úspech odčlenenia je spojený so starostlivým zvážením očakávaných prínosov a možných negatív. | ||
| 610 | 2 | 0 | |a podnik |
| 610 | 2 | 0 | |a plánovanie podnikové |
| 610 | 2 | 0 | |a outsourcing |
| 610 | 2 | 0 | |a riziko |
| 610 | 2 | 0 | |a dodávatelia |
| 610 | 2 | 0 | |a stratégia podniková |
| 100 | 1 | |a Grznár, Miroslav | |